Esquilo (Record no. 286)
[ view plain ]
| 000 -LEADER | |
|---|---|
| campo de control de longitud fija | 00386 a2200133 4500 |
| 020 ## - NÚMERO INTERNACIONAL ESTÁNDAR DEL LIBRO | |
| Número Internacional Estándar del Libro | 9788478449484/8478449485 |
| 082 ## - NÚMERO DE LA CLASIFICACIÓN DECIMAL DEWEY | |
| Número de clasificación | 891.991.4 |
| Número de ítem | K11e |
| 100 ## - ENTRADA PRINCIPAL--NOMBRE DE PERSONA | |
| Nombre de persona | Kadare, Ismail |
| 9 (RLIN) | 1321 |
| 245 ## - MENCIÓN DEL TÍTULO | |
| Título | Esquilo |
| Resto del título | El gran pensador |
| 260 ## - PUBLICACIÓN, DISTRIBUCIÓN, ETC. | |
| Lugar de publicación, distribución, etc. | Madrid |
| Nombre del editor, distribuidor, etc. | Ediciones Siruela |
| Fecha de publicación, distribución, etc. | 2006 |
| 300 ## - DESCRIPCIÓN FÍSICA | |
| Extensión | 266 p |
| Otras características físicas | col |
| Dimensiones | 15 cm |
| 650 ## - PUNTO DE ACCESO ADICIONAL DE MATERIA--TÉRMINO DE MATERIA | |
| Término de materia o nombre geográfico como elemento de entrada | literatura albanesa |
| Subdivisión general | Ensayos, conferencias |
| 9 (RLIN) | 1322 |
| 700 ## - ENTRADA AGREGADA--NOMBRE PERSONAL | |
| Nombre de persona | Ismail Kadare |
| 9 (RLIN) | 1323 |
| Estatus retirado | Estado de pérdida | Fuente del sistema de clasificación o colocación | Estado de daño | No para préstamo | Biblioteca de origen | Biblioteca actual | Ubicación en estantería | Fecha de adquisición | Total de préstamos | Signatura topográfica completa | Código de barras | Visto por última vez | Precio de reemplazo | Tipo de ítem Koha |
|---|---|---|---|---|---|---|---|---|---|---|---|---|---|---|
| Clasificación Decimal Dewey | Biblioteca LadoV | Biblioteca LadoV | 21/08/2014 | 891.991.4 K11e | 000284 | 21/08/2014 | 21/08/2014 | Material 01 |
